Loading...
| Literature - British Literature | 0 | 6 | 0 | 1 | 60 | 64 | 94.50 | 0 | 1 |
| Literature - American Literature | 0 | 5 | 1 | 0 | 45 | 37 | 72.60 | 1 | 3 |
| Fine Arts - Other Fine Arts | 0 | 4 | 0 | 1 | 40 | 22 | 86.00 | 1 | 1 |
| Painting/Sculpture | 0 | 4 | 0 | 2 | 40 | 53 | 75.25 | 0 | 3 |
| History - American History | 0 | 3 | 0 | 2 | 30 | 84 | 95.33 | 0 | 0 |
| Current Events | 0 | 2 | 0 | 1 | 20 | 47 | 60.00 | 0 | 1 |
| Mythology | 0 | 2 | 0 | 0 | 20 | 45 | 56.00 | 0 | 2 |
| Pop Culture | 0 | 2 | 0 | 0 | 20 | 53 | 72.00 | 0 | 1 |
| History - Other History | 0 | 2 | 0 | 1 | 20 | 57 | 81.00 | 0 | 1 |
| Science - Other Science | 0 | 2 | 0 | 1 | 20 | 68 | 88.00 | 0 | 2 |
| Science - Physics | 0 | 2 | 1 | 1 | 15 | 89 | 95.50 | 0 | 0 |
| Literature - European Literature | 0 | 2 | 2 | 0 | 10 | 84 | 92.00 | 0 | 0 |
| Fine Arts - Classical Music | 0 | 1 | 0 | 0 | 10 | 106 | 106.00 | 0 | 1 |
| History - European History | 0 | 1 | 0 | 0 | 10 | 65 | 65.00 | 0 | 0 |
| History - World History | 0 | 1 | 0 | 0 | 10 | 69 | 69.00 | 0 | 0 |
| Religion | 0 | 1 | 0 | 0 | 10 | 70 | 70.00 | 0 | 1 |
| Science - Biology | 0 | 1 | 0 | 0 | 10 | 98 | 98.00 | 0 | 0 |
| Social Science | 0 | 1 | 1 | 1 | 5 | 97 | 97.00 | 0 | 0 |
| Geography | 0 | 1 | 1 | 0 | 5 | 102 | 102.00 | 0 | 0 |
| Literature - World Literature | 0 | 0 | 0 | 0 | 0 | 0.00 | 0 | 0 | |
| Philosophy | 0 | 0 | 0 | 0 | 0 | 0.00 | 0 | 0 |